00412 a2200145 4500003000400000005001700004008004100021020001800062040000900080082002400089100002100113245008200134260003600216300001400252OSt20250702152158.0250702b |||||||| |||| 00| 0 eng d a9789392861628 coclc a305.56880954bRAI/B aRai, Ashok Kumar aDr. B. R. Ambedkar:b Life and Thoughts /cAshok Kumar Rai, Pravish Prakash aDelhi:bCity Publication,c2024 a218 pages